2021 Year in Review - Statistics

General Stats
  • This quiz has been taken 21 times
  • The average score is 11 of 15
Answer Stats
Hint Answer % Correct
January 20- Joe ____ and Kamala Harris are inaugurated as the 46th and 49th President and Vice President of the United States Biden
100%
January 6- Supporters of President Donald _____ attack the US Capitol, disrupting certification of the 2020 presidential election and forcing Congress to evacuate Trump
100%
March 23-29- Ever Given, one of the largest container ships in the world, runs aground and abstracts the ____ Canal Suez
90%
July 23-August 8- The 2020 Summer Olympics were held in _____, Japan after being cancelled in 2020 due to Covid-19 Tokyo
90%
June 11- July 11- The delayed UEFA Euro 2020, hosted by 11 different countries, is held, and is won by _____ after beating England on penalties in the final Italy
81%
September 7- El Salvador becomes the first country in the world to accept ______ as an official currency Bitcoin
76%
February 19- The United States officially rejoins the _____ Agreement, 107 days after leaving Paris
76%
April 24- The number of Covid-19 ________ administered exceeds 1 billion vaccines
76%
September 16- Inspiration4, launched by space company ______, becomes the first all-civilian private spaceflight carrying a four person crew on a three-day orbit of the Earth SpaceX
71%
December 12- Max ________ wins his first Formula One World Championship and his first for a Dutch driver, driving for Red Bull Racing at the Abu Dhabi Grand Prix Verstappen
71%
July 3- Over 130 _______, fueled by lightning strikes, burn through Western Canada following a record breaking heatwave in North America wildfires
71%
October 23- ________'s most wanted drug lord, Dario Antonio Usuga, whose Gulf Clan controlled many smuggling routes into the US and other countries, is captured by ________'s Armed Forces Colombia
52%
June 24- A portion of the Champlain condominium building collapse in Surfside, ______, United States, leaving 98 people dead Florida
48%
November 30- ________ becomes a republic on its 55th anniversary of independence while remaining a member of the Commonwealth of Nations Barbados
24%
August 14- A 7.2 magnitude earthquake strikes the country of _____, killing more than 2,500 people Haiti
24%
No matching quizzes found
Score Distribution
Percent of People with Each Score
Percentile by Number Answered
Your Score History
You have not taken this quiz